000 00626nam a2200205 a 4500
001 000032882
003 DO-SdBNP
005 20220802094915.0
007 ta
008 110801s1939 dr 000 0 spa d
040 _aDO-SdBNP
_bspa
_cBNPHU
082 _axxx
_bM516i
100 _aMejía de Fernández, Abigaíl
_923312
_d1895-1941
245 1 0 _aIdeario feminista :
_by algún apunte para la historia del feminismo dominicano /
_cAbigail Mejía.
260 _a[Santo Domingo] :
_bImprenta P. A. Gómez,
_c1939.
300 _a31 p. ;
_c21 cm.
590 _aInventariado, 2022/ YL
910 _aYLockward
942 _2ddc
_cLF2
999 _c32373
_d32373